[Event "Madrid-ch Semifinal A"]
[Site "Madrid ESP"]
[Date "2016.03.09"]
[Round "3.9"]
[White "Lopez Heras, Arturo"]
[Black "Rottenwohrer Suarez, Juan"]
[Result "0-1"]
[WhiteElo "1841"]
[BlackElo "1985"]
[PlyCount "146"]
[EventDate "2016.03.07"]
[EventType "swiss"]
[EventRounds "9"]
[EventCountry "ESP"]
[Source "lmi"]
[SourceDate "2016.03.07"]

1. d4 Nf6 2. c4 g6 3. Nc3 Bg7 4. e4 d6 5. Nf3 O-O 6. Be2 e5 7. O-O Nc6 8. d5
Ne7 9. Ne1 Nd7 10. Be3 f5 11. f3 f4 12. Bf2 g5 13. Rc1 Ng6 14. c5 Nxc5 15. b4
Na6 16. Nb5 b6 17. Nd3 h5 18. Rc3 Rf7 19. Qc2 g4 20. Rc1 g3 21. hxg3 fxg3 22.
Bxg3 h4 23. Bf2 Qg5 24. Nxc7 Bh3 25. Ne1 Nxc7 26. Rxc7 Rxc7 27. Qxc7 Bxg2 28.
Kh2 Nf4 29. Ba6 Nh3 30. Bxh4 Qxh4 31. Nxg2 Qh5 32. Qe7 Ng5+ 33. Kg1 Nxf3+ 34.
Kf2 Rf8 35. Rc8 Ng5+ 36. Rxf8+ Bxf8 37. Qd7 Nxe4+ 38. Kg1 Ng5 39. Bc8 e4 40.
Qg4 Qxg4 41. Bxg4 Bg7 42. Ne3 Bd4 43. Kf2 Kg7 44. Ke2 Kf6 45. Nc4 Be5 46. a4
Bf4 47. b5 Nf7 48. Be6 Nd8 49. Bc8 Ke7 50. a5 bxa5 51. Nxa5 Bc1 52. Bf5 e3 53.
Nc4 Nb7 54. Nxe3 Bxe3 55. Kxe3 Kf6 56. Bd7 Ke5 57. Bc6 Nc5 58. Ba8 Nd7 59. Kd3
Nb6 60. Bb7 Nxd5 61. Kc4 Nb6+ 62. Kb4 d5 63. Ka5 d4 64. Bf3 Kd6 65. Ka6 Kc5 66.
Kxa7 Kxb5 67. Kb7 d3 68. Kc7 Kc5 69. Be4 d2 70. Bf3 Nd5+ 71. Kd7 Nc3 72. Ke6
Kd4 73. Kf5 Ke3 0-1

[Event "Madrid-ch Semifinal A"]
[Site "Madrid ESP"]
[Date "2016.03.09"]
[Round "3.10"]
[White "Madrigal Muga, Jose M"]
[Black "Marin Aso, Jose Luis"]
[Result "0-1"]
[WhiteElo "1982"]
[BlackElo "1852"]
[PlyCount "58"]
[EventDate "2016.03.07"]
[EventType "swiss"]
[EventRounds "9"]
[EventCountry "ESP"]
[Source "lmi"]
[SourceDate "2016.03.07"]

1. e4 c5 2. Nf3 e6 3. d4 cxd4 4. Nxd4 Nc6 5. Nxc6 bxc6 6. Bd3 Nf6 7. O-O d5 8.
Nc3 Be7 9. exd5 cxd5 10. Bg5 O-O 11. a3 Bb7 12. Re1 a6 13. Qf3 Re8 14. Qh3 g6
15. Qh4 Nd7 16. Bxe7 Qxe7 17. Qxe7 Rxe7 18. f4 Nc5 19. Rad1 Rc7 20. Be2 Bc8 21.
Rd2 Rb8 22. b4 Nb7 23. Nd1 Nd6 24. Bd3 Nc4 25. Bxc4 Rxc4 26. g3 Bd7 27. Ne3 Rc3
28. Rd3 Rbc8 29. Red1 Bb5 0-1

[Event "Madrid-ch Semifinal A"]
[Site "Madrid ESP"]
[Date "2016.03.09"]
[Round "3.11"]
[White "Perez Ordoñez, Jose Ramon"]
[Black "Camarero Izquierdo, Juan Carlos"]
[Result "1-0"]
[WhiteElo "1966"]
[BlackElo "1844"]
[PlyCount "75"]
[EventDate "2016.03.07"]
[EventType "swiss"]
[EventRounds "9"]
[EventCountry "ESP"]
[Source "lmi"]
[SourceDate "2016.03.07"]

1. a3 e5 2. c4 f5 3. Nc3 Nf6 4. e3 c6 5. d4 e4 6. d5 Bd6 7. b4 O-O 8. Nge2 Ng4
9. h4 Be7 10. g3 d6 11. Nf4 Bf6 12. Bb2 Be5 13. Be2 Qf6 14. Qd2 Qh6 15. Bxg4
Bxc3 16. Bxc3 fxg4 17. O-O Bf5 18. Rfd1 Rd8 19. Rac1 Na6 20. dxc6 bxc6 21. b5
Nc5 22. bxc6 Nd3 23. Nd5 Be6 24. Rb1 Rf8 25. Rf1 Rab8 26. Rxb8 Rxb8 27. Bd4 g5
28. hxg5 Qxg5 29. Qa5 Bxd5 30. cxd5 Rf8 31. Qxa7 h5 32. Qd7 Rf7 33. Qe8+ Rf8
34. Qe6+ Kh7 35. c7 Qg8 36. Qxe4+ Qg6 37. Qe7+ Rf7 38. c8=Q 1-0

[Event "Madrid-ch Semifinal A"]
[Site "Madrid ESP"]
[Date "2016.03.09"]
[Round "3.12"]
[White "Valencia De Loma, Sergio"]
[Black "Camacho Casado, Demetrio"]
[Result "1/2-1/2"]
[WhiteElo "1689"]
[BlackElo "1899"]
[PlyCount "35"]
[EventDate "2016.03.07"]
[EventType "swiss"]
[EventRounds "9"]
[EventCountry "ESP"]
[Source "lmi"]
[SourceDate "2016.03.07"]

1. e4 e5 2. Nf3 Qe7 3. Bc4 g6 4. Nc3 c6 5. O-O Bg7 6. d4 d6 7. dxe5 dxe5 8. Ng5
Nh6 9. h3 O-O 10. Nf3 Kh8 11. Re1 Ng8 12. Bg5 f6 13. Bh4 Nd7 14. a4 a5 15. Qe2
Nc5 16. Rad1 Qc7 17. b3 Ne6 18. Bg3 1/2-1/2

[Event "Madrid-ch Semifinal A"]
[Site "Madrid ESP"]
[Date "2016.03.09"]
[Round "3.13"]
[White "Garcia Gutierrez, Jose"]
[Black "Martin Martin, Luis Vicente"]
[Result "0-1"]
[WhiteElo "1947"]
[BlackElo "2024"]
[PlyCount "48"]
[EventDate "2016.03.07"]
[EventType "swiss"]
[EventRounds "9"]
[EventCountry "ESP"]
[Source "lmi"]
[SourceDate "2016.03.07"]

1. g3 d5 2. Bg2 Nf6 3. b3 Bf5 4. Bb2 e6 5. d3 Be7 6. Nf3 h6 7. O-O O-O 8. Nbd2
Nbd7 9. Qe1 a5 10. a3 c6 11. Ne5 Qc7 12. Nxd7 Nxd7 13. e4 Bh7 14. Qe2 Rfe8 15.
e5 b5 16. c4 bxc4 17. dxc4 Nc5 18. Qe3 Rab8 19. b4 Nd3 20. Bd4 axb4 21. axb4
Bxb4 22. Ra7 Rb7 23. cxd5 Rxa7 24. Bxa7 Bxd2 0-1

[Event "Madrid-ch Semifinal A"]
[Site "Madrid ESP"]
[Date "2016.03.09"]
[Round "3.14"]
[White "Alvarez Abejon, Amilcar"]
[Black "Fernandez Bonilla, M. Arcangel"]
[Result "1-0"]
[WhiteElo "2016"]
[BlackElo "1829"]
[PlyCount "85"]
[EventDate "2016.03.07"]
[EventType "swiss"]
[EventRounds "9"]
[EventCountry "ESP"]
[Source "lmi"]
[SourceDate "2016.03.07"]

1. e4 c5 2. Nf3 e6 3. d4 cxd4 4. Nxd4 Nc6 5. Nc3 Nf6 6. Be2 Bb4 7. O-O Bxc3 8.
bxc3 Nxe4 9. Bd3 Nf6 10. Nb5 d6 11. Ba3 O-O 12. Bxd6 Ne7 13. Nc7 Nfd5 14. Bxe7
Qxc7 15. Bxf8 Kxf8 16. c4 Nf6 17. Qf3 Bd7 18. Qg3 Qc5 19. Rfe1 Bc6 20. Re5 Qd4
21. Rae1 Rd8 22. Rg5 Be4 23. Qe5 Bxd3 24. Qxd4 Rxd4 25. cxd3 Rxd3 26. Rb5 b6
27. c5 Rd5 28. Rc1 Ne8 29. a4 Rd4 30. cxb6 axb6 31. Ra1 Rd6 32. Rab1 Rd4 33.
R5b4 Rd3 34. Rxb6 Ra3 35. Ra6 Nc7 36. Ra7 Nb5 37. Ra8+ Ke7 38. g3 Nc3 39. Rb7+
Kf6 40. a5 h5 41. h4 Kf5 42. Rxf7+ Kg4 43. Kg2 1-0

[Event "Madrid-ch Semifinal A"]
[Site "Madrid ESP"]
[Date "2016.03.09"]
[Round "3.15"]
[White "Roldan Garcia, Angel"]
[Black "Ciuro Muñoz, Ricardo"]
[Result "0-1"]
[WhiteElo "1840"]
[BlackElo "2014"]
[PlyCount "52"]
[EventDate "2016.03.07"]
[EventType "swiss"]
[EventRounds "9"]
[EventCountry "ESP"]
[Source "lmi"]
[SourceDate "2016.03.07"]

1. e4 e6 2. d4 d5 3. Nd2 dxe4 4. Nxe4 Bd7 5. Nf3 Bc6 6. Bd3 Nd7 7. O-O Ngf6 8.
Ng3 Bxf3 9. Qxf3 c6 10. b3 Be7 11. Bb2 O-O 12. c4 a5 13. a3 Re8 14. Rfe1 Qb6
15. Rad1 Rad8 16. Bc2 Nf8 17. Ne4 Nxe4 18. Rxe4 f5 19. Re2 Bf6 20. Red2 Rd7 21.
Bc3 g6 22. d5 Bxc3 23. Qxc3 exd5 24. cxd5 cxd5 25. Rxd5 Rxd5 26. Rxd5 Qc6 0-1

[Event "Madrid-ch Semifinal A"]
[Site "Madrid ESP"]
[Date "2016.03.09"]
[Round "3.16"]
[White "Martin-Consuegra Barrilero, Francisco Javier"]
[Black "Rosa Ramirez, Victor D"]
[Result "1/2-1/2"]
[WhiteElo "1841"]
[BlackElo "1971"]
[PlyCount "72"]
[EventDate "2016.03.07"]
[EventType "swiss"]
[EventRounds "9"]
[EventCountry "ESP"]
[Source "lmi"]
[SourceDate "2016.03.07"]

1. Nf3 Nf6 2. d4 d5 3. Bf4 g6 4. h3 Bg7 5. e3 O-O 6. Be2 c5 7. c3 cxd4 8. exd4
Nbd7 9. O-O Ne4 10. Nbd2 f5 11. Bh2 Bh6 12. Nxe4 fxe4 13. Ne5 Nxe5 14. Bxe5 b6
15. f4 Bg7 16. Qd2 Bd7 17. Rf2 b5 18. Raf1 Qb6 19. Qe3 Rac8 20. g4 Bxe5 21.
fxe5 Rxf2 22. Rxf2 Rf8 23. Qh6 Rxf2 24. Kxf2 a6 25. h4 Qe6 26. Kg3 Qf7 27. Qf4
Kg7 28. Qxf7+ Kxf7 29. Kf4 h6 30. a3 e6 31. g5 h5 32. b3 a5 33. Ke3 Ke7 34. Kd2
Kd8 35. Kc2 Kc7 36. b4 a4 1/2-1/2

[Event "Madrid-ch Semifinal A"]
[Site "Madrid ESP"]
[Date "2016.03.09"]
[Round "3.17"]
[White "Pashov, Spas Nikolov"]
[Black "Marcos Herrero, Francisco"]
[Result "1/2-1/2"]
[WhiteElo "1834"]
[BlackElo "1963"]
[PlyCount "111"]
[EventDate "2016.03.07"]
[EventType "swiss"]
[EventRounds "9"]
[EventCountry "ESP"]
[Source "lmi"]
[SourceDate "2016.03.07"]

1. e4 c5 2. Nf3 Nc6 3. d4 cxd4 4. Nxd4 g6 5. Be3 Nf6 6. Nc3 Bg7 7. Be2 O-O 8.
O-O d6 9. Nb3 Be6 10. f3 Rc8 11. Nd4 Nxd4 12. Bxd4 Qa5 13. Nb5 a6 14. Bc3 Qb6+
15. Qd4 Qxd4+ 16. Nxd4 Bc4 17. Bd3 Nd7 18. Ne2 Ne5 19. Rfd1 Be6 20. f4 Nxd3 21.
cxd3 Bg4 22. Bxg7 Kxg7 23. Rd2 Rc7 24. Rc1 Rfc8 25. Rxc7 Rxc7 26. Kf2 Kf6 27.
Nc3 Be6 28. Ke3 Kg7 29. Rd1 Kf8 30. Rc1 Ke8 31. Ne2 Kd8 32. Rxc7 Kxc7 33. a3 f6
34. Nd4 Ba2 35. h4 Bf7 36. g4 Kd7 37. g5 Be6 38. Nf3 Bg4 39. Nd4 Be6 40. Nxe6
Kxe6 41. d4 f5 42. d5+ Kf7 43. exf5 gxf5 44. h5 Kf8 45. a4 Kf7 46. Kd4 Kf8 47.
b4 Kf7 48. a5 Kg7 49. Kc4 Kf7 50. Kd4 Kg7 51. Ke3 Kf7 52. Kf3 Kg7 53. Kg3 Kg8
54. Kh3 Kf8 55. Kh4 Kg7 56. Kg3 1/2-1/2

[Event "Madrid-ch Semifinal A"]
[Site "Madrid ESP"]
[Date "2016.03.09"]
[Round "3.18"]
[White "Cano Mercado, Francisco Manuel"]
[Black "Corredor San Jose, Antonio"]
[Result "1-0"]
[WhiteElo "1837"]
[BlackElo "1772"]
[PlyCount "51"]
[EventDate "2016.03.07"]
[EventType "swiss"]
[EventRounds "9"]
[EventCountry "ESP"]
[Source "lmi"]
[SourceDate "2016.03.07"]

1. e4 e5 2. Nf3 Nc6 3. c4 Bc5 4. Nc3 d6 5. d3 Nge7 6. Be2 O-O 7. O-O Ng6 8. Bg5
Nce7 9. d4 exd4 10. Nxd4 h6 11. Be3 Bxd4 12. Qxd4 Nc6 13. Qd2 f5 14. f4 Be6 15.
Rad1 Qf6 16. Nd5 Qf7 17. g4 Bc8 18. exf5 Nge7 19. Nxc7 Bxf5 20. Nxa8 Qg6 21.
Nc7 Bxg4 22. Bxg4 Qxg4+ 23. Qg2 Qh5 24. Rd5 Nf5 25. Rxf5 Qxf5 26. Qd5+ 1-0

[Event "Madrid-ch Semifinal A"]
[Site "Madrid ESP"]
[Date "2016.03.14"]
[Round "4.1"]
[White "Iagar, Razvan-Gabriel"]
[Black "Pastor Alonso De Prado, Alberto"]
[Result "1/2-1/2"]
[WhiteElo "2136"]
[BlackElo "2141"]
[PlyCount "33"]
[EventDate "2016.03.07"]
[EventType "swiss"]
[EventRounds "9"]
[EventCountry "ESP"]
[Source "lmi"]
[SourceDate "2016.03.07"]

1. d4 e6 2. c4 d5 3. Nf3 Nf6 4. g3 Be7 5. Bg2 O-O 6. O-O b6 7. Qc2 Bb7 8. Nbd2
Na6 9. Ne5 c5 10. dxc5 Nxc5 11. b4 Nce4 12. Nxe4 Nxe4 13. cxd5 exd5 14. Nc6
Bxc6 15. Bxe4 dxe4 16. Qxc6 Bxb4 17. Qxe4 1/2-1/2

[Event "Madrid-ch Semifinal A"]
[Site "Madrid ESP"]
[Date "2016.03.14"]
[Round "4.2"]
[White "Quevedo Marin, Manuel"]
[Black "Longa Yauca, Javier"]
[Result "0-1"]
[WhiteElo "2231"]
[BlackElo "2276"]
[PlyCount "118"]
[EventDate "2016.03.07"]
[EventType "swiss"]
[EventRounds "9"]
[EventCountry "ESP"]
[Source "lmi"]
[SourceDate "2016.03.07"]

1. e4 e5 2. Nf3 Qe7 3. Nc3 c6 4. d4 d6 5. Be2 Nf6 6. h3 Nbd7 7. O-O g6 8. Be3
Bg7 9. dxe5 dxe5 10. Nd2 O-O 11. Nb3 b5 12. a3 a5 13. Bg4 a4 14. Bxd7 Nxd7 15.
Nc1 Nc5 16. Nd3 Ne6 17. Rc1 Rd8 18. Qe1 Nd4 19. Nb4 Qe8 20. f3 Be6 21. Rf2 Bc4
22. Rd2 Rac8 23. Rcd1 Qe6 24. Qf2 Re8 25. Kh1 f5 26. Qg1 f4 27. Bf2 g5 28. Qe1
c5 29. Nbd5 Nxf3 30. gxf3 Qxh3+ 31. Kg1 Rc6 32. Bxc5 Rh6 33. Rg2 g4 34. fxg4 f3
35. Qg3 Qh1+ 36. Kf2 fxg2 37. Qxg2 Qh4+ 38. Qg3 Qh2+ 39. Qg2 Qh4+ 40. Qg3 Qh2+
41. Qg2 Ree6 42. g5 Rh4 43. Rg1 Kf7 44. Qxh2 Rxh2+ 45. Rg2 Rxg2+ 46. Kxg2 Rg6
47. Be7 Bh6 48. Kf3 Bxg5 49. Bxg5 Rxg5 50. Ne3 h5 51. b3 axb3 52. cxb3 Bd3 53.
a4 b4 54. Ncd5 h4 55. Nxb4 Rg3+ 56. Kf2 Bxe4 57. Nbc2 Rg5 58. Ne1 h3 59. Nf1
Rf5+ 0-1

[Event "Madrid-ch Semifinal A"]
[Site "Madrid ESP"]
[Date "2016.03.14"]
[Round "4.3"]
[White "Nuñez Miranda, Adrian"]
[Black "Plazuelo Pascual, Juan"]
[Result "1/2-1/2"]
[WhiteElo "2120"]
[BlackElo "2249"]
[PlyCount "44"]
[EventDate "2016.03.07"]
[EventType "swiss"]
[EventRounds "9"]
[EventCountry "ESP"]
[Source "lmi"]
[SourceDate "2016.03.07"]

1. e4 e6 2. d4 d5 3. Nd2 Be7 4. e5 c5 5. c3 Nc6 6. Bd3 Bd7 7. Ne2 f6 8. exf6
Nxf6 9. Nf3 O-O 10. O-O Bd6 11. dxc5 Bxc5 12. Bf4 a6 13. Ned4 Ne4 14. g3 Qb6
15. Qe2 Bxd4 16. Bxe4 dxe4 17. Nxd4 Nxd4 18. cxd4 Bb5 19. Qxe4 Bxf1 20. Rxf1
Rad8 21. Be5 Rf7 22. b3 Qc6 1/2-1/2

[Event "Madrid-ch Semifinal A"]
[Site "Madrid ESP"]
[Date "2016.03.14"]
[Round "4.4"]
[White "Martos De La Vega, Alvar"]
[Black "Lopez de Turiso, Jose Angel"]
[Result "0-1"]
[WhiteElo "1990"]
[BlackElo "2051"]
[PlyCount "90"]
[EventDate "2016.03.07"]
[EventType "swiss"]
[EventRounds "9"]
[EventCountry "ESP"]
[Source "lmi"]
[SourceDate "2016.03.07"]

1. d4 Nf6 2. c4 d6 3. Nf3 e5 4. dxe5 Ne4 5. a3 Nc6 6. Qc2 d5 7. e3 Bg4 8. cxd5
Qxd5 9. Bc4 Qa5+ 10. Nbd2 Bxf3 11. gxf3 Nxd2 12. Bxd2 Qxe5 13. Bc3 Qh5 14.
O-O-O f6 15. Qe4+ Be7 16. Qe6 Rd8 17. Rhg1 Kf8 18. f4 Qe8 19. Qg4 Rxd1+ 20.
Rxd1 Bd6 21. h4 h5 22. Qg2 Rh6 23. Rg1 Qe7 24. Qd5 Rh8 25. Rg6 Ke8 26. Qb5 Kd7
27. Bd3 Kc8 28. Be2 Kb8 29. Bf3 Nd8 30. Bxh5 Bc5 31. Qe2 Bxa3 32. bxa3 Qc5 33.
Qd2 Qxh5 34. Rxg7 Ne6 35. Rd7 b6 36. Bxf6 Rg8 37. Bg5 Nc5 38. Rd8+ Rxd8 39.
Qxd8+ Kb7 40. Qd5+ c6 41. Qd1 Qf7 42. Kb2 Qc4 43. Bf6 Nd3+ 44. Ka1 Nxf2 45. h5
Nxd1 0-1

[Event "Madrid-ch Semifinal A"]
[Site "Madrid ESP"]
[Date "2016.03.14"]
[Round "4.5"]
[White "Rottenwohrer Suarez, Juan"]
[Black "Tereso Martin, Antonio"]
[Result "1-0"]
[WhiteElo "1985"]
[BlackElo "2013"]
[PlyCount "73"]
[EventDate "2016.03.07"]
[EventType "swiss"]
[EventRounds "9"]
[EventCountry "ESP"]
[Source "lmi"]
[SourceDate "2016.03.07"]

1. d4 Nf6 2. c4 c6 3. Nc3 d5 4. Nf3 e6 5. Bg5 Nbd7 6. e3 Bb4 7. Bd3 dxc4 8.
Bxc4 Qa5 9. O-O Bxc3 10. bxc3 Ne4 11. Bf4 g5 12. Qc2 gxf4 13. Qxe4 fxe3 14.
fxe3 Qh5 15. Rad1 O-O 16. Ne5 Nxe5 17. Qxe5 Qxe5 18. dxe5 b5 19. Bb3 c5 20. Rf3
Rb8 21. Bc2 Rb7 22. Rdf1 Rd8 23. Rg3+ Kf8 24. Bxh7 Bd7 25. Bg8 Be8 26. h4 Rd5
27. Rg5 f5 28. Bxe6 Rxe5 29. Rg8+ Ke7 30. Bxf5 Bc6 31. Rg7+ Kd8 32. Rd1+ Ke8
33. Bg6+ Kf8 34. Rxb7 Bxb7 35. h5 Bd5 36. e4 Bf7 37. Rf1 1-0

[Event "Madrid-ch Semifinal A"]
[Site "Madrid ESP"]
[Date "2016.03.14"]
[Round "4.6"]
[White "Cabañas Bravo, Juan Andres"]
[Black "Perez Ordoñez, Jose Ramon"]
[Result "1-0"]
[WhiteElo "2009"]
[BlackElo "1966"]
[PlyCount "57"]
[EventDate "2016.03.07"]
[EventType "swiss"]
[EventRounds "9"]
[EventCountry "ESP"]
[Source "lmi"]
[SourceDate "2016.03.07"]

1. e4 c5 2. Nf3 e6 3. d4 cxd4 4. Nxd4 Nc6 5. Nc3 a6 6. Be3 Qc7 7. Qd2 Nf6 8. f3
b5 9. g4 d6 10. g5 Nd7 11. f4 Bb7 12. O-O-O Nc5 13. Bxb5 axb5 14. Ndxb5 Qb6 15.
Nxd6+ Bxd6 16. Qxd6 Nb3+ 17. Kb1 Qxe3 18. Qd7+ Kf8 19. Qxb7 Re8 20. Qxc6 Nd2+
21. Ka1 Nf3 22. Rd3 Qf2 23. Rhd1 f6 24. e5 Nxh2 25. gxf6 gxf6 26. Ne4 Qxf4 27.
Nxf6 Re7 28. Rd8+ Kg7 29. Nh5+ 1-0

[Event "Madrid-ch Semifinal A"]
[Site "Madrid ESP"]
[Date "2016.03.14"]
[Round "4.7"]
[White "Lorenzo Bailador, Alfredo"]
[Black "Marin Aso, Jose Luis"]
[Result "1/2-1/2"]
[WhiteElo "1991"]
[BlackElo "1852"]
[PlyCount "45"]
[EventDate "2016.03.07"]
[EventType "swiss"]
[EventRounds "9"]
[EventCountry "ESP"]
[Source "lmi"]
[SourceDate "2016.03.07"]

1. e4 g6 2. d4 Bg7 3. Nf3 d6 4. Bc4 Nf6 5. Qe2 O-O 6. O-O c6 7. Bb3 Qc7 8. e5
Nd5 9. Bxd5 cxd5 10. Nc3 dxe5 11. dxe5 Qc4 12. Qxc4 dxc4 13. Bf4 Nc6 14. Rfe1
Bf5 15. Rac1 Rad8 16. h3 h6 17. g4 Be6 18. Kg2 a6 19. Rcd1 b5 20. a3 g5 21. Bg3
Bc8 22. Ne4 Be6 23. Nc3 1/2-1/2

[Event "Madrid-ch Semifinal A"]
[Site "Madrid ESP"]
[Date "2016.03.14"]
[Round "4.8"]
[White "Nuñez Reiz, Antonio"]
[Black "Gonzalez Mateos, Rafael"]
[Result "1-0"]
[WhiteElo "2083"]
[BlackElo "2003"]
[PlyCount "56"]
[EventDate "2016.03.07"]
[EventType "swiss"]
[EventRounds "9"]
[EventCountry "ESP"]
[Source "lmi"]
[SourceDate "2016.03.07"]

1. e4 e6 2. d4 d5 3. Nd2 a6 4. Bd3 c5 5. dxc5 Bxc5 6. Ngf3 dxe4 7. Nxe4 Be7 8.
Bf4 Nf6 9. Qe2 Nd5 10. Bd2 Qc7 11. g3 Nc6 12. c3 b5 13. O-O h6 14. a4 b4 15. c4
Nf6 16. Rfe1 Bb7 17. Bf4 e5 18. Nxf6+ gxf6 19. Bd2 O-O-O 20. Be4 Kb8 21. Bd5
Bc5 22. Be3 Bxe3 23. Qxe3 h5 24. h4 Ne7 25. Bxb7 Qxb7 26. Nxe5 Nf5 27. Qf4 fxe5
28. Qxf5 Rd2 1-0

[Event "Madrid-ch Semifinal A"]
[Site "Madrid ESP"]
[Date "2016.03.14"]
[Round "4.9"]
[White "Martin Martin, Luis Vicente"]
[Black "Camacho Casado, Demetrio"]
[Result "1-0"]
[WhiteElo "2024"]
[BlackElo "1899"]
[PlyCount "101"]
[EventDate "2016.03.07"]
[EventType "swiss"]
[EventRounds "9"]
[EventCountry "ESP"]
[Source "lmi"]
[SourceDate "2016.03.07"]

1. d4 d5 2. Bf4 Nf6 3. e3 c5 4. c3 Nc6 5. Nd2 Bf5 6. Qb3 Qb6 7. dxc5 Qxb3 8.
axb3 e5 9. Bg3 Bxc5 10. Ngf3 e4 11. Nd4 Nxd4 12. exd4 Bb6 13. Bb5+ Bd7 14.
Bxd7+ Kxd7 15. O-O Nh5 16. Rfe1 Nxg3 17. hxg3 f5 18. Nf1 Raf8 19. Rad1 h5 20.
Ne3 Ke6 21. c4 dxc4 22. bxc4 g5 23. Nd5 Kd6 24. f3 exf3 25. gxf3 Re8 26. Nxb6
axb6 27. Kf2 b5 28. b3 bxc4 29. bxc4 b5 30. Rxe8 Rxe8 31. cxb5 Kd5 32. Rh1 Kxd4
33. Rxh5 Rg8 34. b6 Ke5 35. b7 Rb8 36. Rh7 Ke6 37. Rh6+ Ke5 38. Rb6 g4 39. Ke3
gxf3 40. Kxf3 Kd5 41. Kf4 Kc5 42. Rb1 Kc6 43. Kxf5 Kc7 44. g4 Rf8+ 45. Ke6 Kb8
46. g5 Rf2 47. g6 Rg2 48. Kf7 Rf2+ 49. Kg8 Rg2 50. g7 Rf2 51. Rb6 1-0

[Event "Madrid-ch Semifinal A"]
[Site "Madrid ESP"]
[Date "2016.03.14"]
[Round "4.10"]
[White "Cano Mercado, Francisco Manuel"]
[Black "Alvarez Abejon, Amilcar"]
[Result "1-0"]
[WhiteElo "1837"]
[BlackElo "2016"]
[PlyCount "63"]
[EventDate "2016.03.07"]
[EventType "swiss"]
[EventRounds "9"]
[EventCountry "ESP"]
[Source "lmi"]
[SourceDate "2016.03.07"]

1. e4 e5 2. Nf3 Nc6 3. Bb5 a6 4. Ba4 Nf6 5. O-O b5 6. Bb3 Bc5 7. c3 d6 8. d4
Bb6 9. h3 h6 10. dxe5 Nxe5 11. Nxe5 dxe5 12. Qxd8+ Kxd8 13. Nd2 Bb7 14. Nf3
Nxe4 15. Nxe5 Ke7 16. Be3 Rhd8 17. Bxb6 cxb6 18. Nxf7 Rd2 19. Ne5 Rad8 20. Rab1
Nc5 21. Rfe1 Kf6 22. Ng4+ Kg6 23. Ne5+ Kh7 24. Bf7 Be4 25. Rxe4 Nxe4 26. Bg6+
Kg8 27. Bxe4 Re2 28. Nc6 Rdd2 29. Bf3 Rxf2 30. Re1 Kf8 31. Ne5 Rxb2 32. Nd3 1-0

[Event "Madrid-ch Semifinal A"]
[Site "Madrid ESP"]
[Date "2016.03.14"]
[Round "4.11"]
[White "Ciuro Muñoz, Ricardo"]
[Black "Valencia De Loma, Sergio"]
[Result "1-0"]
[WhiteElo "2014"]
[BlackElo "1689"]
[PlyCount "93"]
[EventDate "2016.03.07"]
[EventType "swiss"]
[EventRounds "9"]
[EventCountry "ESP"]
[Source "lmi"]
[SourceDate "2016.03.07"]

1. e4 e6 2. d3 c5 3. Nf3 g6 4. g3 Bg7 5. Bg2 Ne7 6. O-O b5 7. a4 bxa4 8. Rxa4
O-O 9. Be3 d6 10. Qc1 Bd7 11. Ra2 Nbc6 12. c3 a5 13. Bh6 a4 14. h4 Re8 15. Na3
Ne5 16. Nxe5 Bxe5 17. f4 Bg7 18. Bxg7 Kxg7 19. Nc4 Bb5 20. f5 Ng8 21. fxg6 fxg6
22. e5 d5 23. Nd6 Bxd3 24. Nxe8+ Qxe8 25. Rf2 c4 26. Ra1 Nh6 27. Bh3 Nf5 28.
Qg5 Qe7 29. Rxf5 Qc5+ 30. Rf2 Rf8 31. Qd2 Qb6 32. Bf1 Be4 33. Qd4 Qb3 34. Re1
Rf5 35. Rxf5 Bxf5 36. Qa7+ Kg8 37. Qf2 Bg4 38. Be2 Bf5 39. g4 Qxb2 40. gxf5
gxf5 41. Kh2 Kf8 42. Qe3 Ke8 43. Qc1 Qb6 44. Bh5+ Kd7 45. Qe3 Qb7 46. Rg1 Kc6
47. Be8+ 1-0

[Event "Madrid-ch Semifinal A"]
[Site "Madrid ESP"]
[Date "2016.03.14"]
[Round "4.12"]
[White "Perez Cameselle, Francisco Jose"]
[Black "Madrigal Muga, Jose M"]
[Result "1/2-1/2"]
[WhiteElo "1868"]
[BlackElo "1982"]
[PlyCount "50"]
[EventDate "2016.03.07"]
[EventType "swiss"]
[EventRounds "9"]
[EventCountry "ESP"]
[Source "lmi"]
[SourceDate "2016.03.07"]

1. Nf3 Nf6 2. g3 d5 3. Bg2 Bg4 4. h3 Bxf3 5. Bxf3 c6 6. Bg2 e5 7. d3 Bc5 8. O-O
O-O 9. Nd2 Nbd7 10. e4 dxe4 11. dxe4 Qc7 12. Qe2 Rfe8 13. Nb3 Bb6 14. a4 Nc5
15. Nxc5 Bxc5 16. Bd2 a5 17. c3 h6 18. Be3 Qb6 19. Bxc5 Qxc5 20. Rfd1 Rad8 21.
Bf1 Qb6 22. Qc2 Rxd1 23. Rxd1 Rd8 24. Rxd8+ Qxd8 25. Kg2 Qd7 1/2-1/2

[Event "Madrid-ch Semifinal A"]
[Site "Madrid ESP"]
[Date "2016.03.14"]
[Round "4.13"]
[White "Rosa Ramirez, Victor D"]
[Black "Lopez Heras, Arturo"]
[Result "0-1"]
[WhiteElo "1971"]
[BlackElo "1841"]
[PlyCount "88"]
[EventDate "2016.03.07"]
[EventType "swiss"]
[EventRounds "9"]
[EventCountry "ESP"]
[Source "lmi"]
[SourceDate "2016.03.07"]

1. e4 e6 2. d4 d5 3. e5 c5 4. c3 Nc6 5. Nf3 Qb6 6. a3 c4 7. Be2 Bd7 8. Nbd2 Na5
9. Rb1 Rc8 10. Qc2 Ne7 11. O-O Ng6 12. g3 Be7 13. Re1 f5 14. exf6 Bxf6 15. Ne5
Bxe5 16. dxe5 O-O 17. Nf3 Nxe5 18. Nd4 Nec6 19. Be3 Nxd4 20. Bxd4 Qd6 21. f4
Nc6 22. Be3 e5 23. Qd2 Bf5 24. Rbd1 Be4 25. Bxc4 exf4 26. Bf2 fxg3 27. hxg3 Ne5
28. Bxd5+ Bxd5 29. Rxe5 Qxe5 30. Qxd5+ Qxd5 31. Rxd5 b6 32. Bd4 Rce8 33. b4 h6
34. a4 Re1+ 35. Kg2 Re2+ 36. Kh3 Ra2 37. a5 bxa5 38. b5 Rf7 39. Rd8+ Kh7 40.
Ra8 Rb2 41. c4 Rb4 42. Rc8 a4 43. Be5 a3 44. Rb8 Rxc4 0-1

[Event "Madrid-ch Semifinal A"]
[Site "Madrid ESP"]
[Date "2016.03.14"]
[Round "4.14"]
[White "Marcos Herrero, Francisco"]
[Black "Corral Aragon, Juan Maria"]
[Result "0-1"]
[WhiteElo "1963"]
[BlackElo "1805"]
[PlyCount "124"]
[EventDate "2016.03.07"]
[EventType "swiss"]
[EventRounds "9"]
[EventCountry "ESP"]
[Source "lmi"]
[SourceDate "2016.03.07"]

1. Nf3 d5 2. c4 Nf6 3. g3 c6 4. b3 g6 5. Bb2 Bg7 6. Bg2 O-O 7. O-O dxc4 8. bxc4
a5 9. d4 Be6 10. Nbd2 h6 11. Qc2 Na6 12. a3 Rc8 13. Rfd1 b5 14. Ne5 Nb8 15.
Rac1 Ng4 16. Nxg4 Bxg4 17. Nf3 Qb6 18. c5 Qa7 19. Ne5 Bxe5 20. dxe5 b4 21. axb4
axb4 22. Qd2 Kh7 23. f3 Be6 24. Qxb4 Nd7 25. Qc3 Rb8 26. Ra1 Qxc5+ 27. Qxc5
Nxc5 28. Ba3 Nb3 29. Bxe7 Nxa1 30. Bxf8 Rxf8 31. Rxa1 c5 32. Rc1 c4 33. Kf2 Rb8
34. Ke3 Rb2 35. f4 Bg4 36. Bf1 Be6 37. h3 Rb3+ 38. Kf2 Kg7 39. g4 h5 40. e3
Rb2+ 41. Ke1 hxg4 42. hxg4 Bxg4 43. Bxc4 Rh2 44. Bd3 Rh1+ 45. Kd2 Rh2+ 46. Kc3
Rh3 47. Kd4 Rh8 48. Rc6 Ra8 49. Bc4 Ra4 50. Kc5 Ra3 51. Rc7 Rxe3 52. Rxf7+ Kh6
53. Kd6 Re4 54. e6 Rxc4 55. e7 Re4 56. Rf8 Re6+ 57. Kd7 Ra6+ 58. Kd8 Rd6+ 59.
Ke8 g5 60. f5 Bh5+ 61. Rf7 Rf6 62. Kd8 Bxf7 0-1